| 000 | 00909nam a22002297a 4500 | ||
|---|---|---|---|
| 999 |
_c1792 _d1792 |
||
| 003 | AR-CdUCM | ||
| 008 | 190228b ||||| |||| 00| 0 spa d | ||
| 040 |
_aMUNICIPALIDAD PROVINCIAL DEL CUSCO _cBIBLIOTECA MUNICIPAL DEL CUSCO |
||
| 082 |
_a301 / _bA93 |
||
| 100 |
_aAyala, Francisco _96583 |
||
| 245 | _aTratado de la sociología / | ||
| 260 |
_aEspaña : _bAguilar, _c1961. |
||
| 300 |
_a564 paginas ; _c21 cm. |
||
| 440 |
_aBiblioteca de ciencias sociales _nSección sociología _96584 |
||
| 505 | _aContenido : El nacimiento de la sociología y su desarrollo en ramas nacionales --investigaciones y discusiones del principio acerca de la materia de la sociología y la de su adecuado tratamiento ... | ||
| 650 |
_aHistoria de la sociología _96585 |
||
| 650 |
_aDisciplina sociológica _96586 |
||
| 650 |
_aSociología política _96587 |
||
| 650 |
_aRamas _96588 |
||
| 942 |
_2ddc _cLIBROS |
||
| 945 | _arcc | ||